Statistics for Socceroos 2006 FIFA World Cup

Click here to take the quiz!

General Stats

  • This quiz has been taken 20 times
  • The average score is 5 of 10

Answer Stats

QuestionAnswer% Correct
Who were our 3 midfielders in the opening world cup gameBresciano, Grella, Culina
71%
Who were our 3 players up front against JapanKewell, Viduka, Emerton
71%
Who was NOT in Australia's squad for the gamesJoel Griffiths
65%
Who never appeared in the 2010 world cup squad for Australia?Mark Viduka
65%
Which player was sent off against Croatia?Brett Emerton
53%
Who were the 3 substituesCahill, Aloisi, Kennedy
47%
What was Australia's backline for the opening world cup game against JapanChipperfield, Moore, Neill, Wilkshire
47%
Who was Guus Hiddink's assistant coachGraham Arnold
47%
Who was NOT in Australia's squad for the gamesTony Vidmar
41%
Who were the Socceroos from starting XI that went back to play in the A-League at some pointEmerton, Wilkshire, Moore, Neill, Culina, Grella, Kewell,
29%

Score Distribution

Percentile by Number Answered

Percent of People with Each Score

Your Score History

You have not taken this quiz